000 01097cad a22002055a 4500
001 L150706
008 100820e20100727xxk 000 0 eng d
035 _a(Sirsi) u150706
041 0 _aeng
110 2 _aUnited Kingdom
_bDepartment for Communities and Local Government
_94939
245 0 0 _aGrant Shapps outlines local approach to delivering zero carbon homes by 2016
_h[electronic resource]
260 _c2010
490 _aDepartment for Communities and Local Government News Release
_v27 July 2010
520 _aDevelopers and councils could be given more flexibility to meet eco-standards to ensure all homes are zero carbon from 2016. Housing minister Grant Shapps stated he would look at ways builders could make payments to fund community energy projects such as wind farms and district heating systems.
590 _aKA
651 4 _aUnited Kingdom
_y
690 _aENVIRONMENTAL AND LAND CONSULTANCY-ENERGY-ENERGY USE-ENERGY EFFICIENCY
856 4 0 _uhttps://www.communities.gov.uk/newsstories/newsroom/16527871
_zView the item free of charge at: www.communities.gov.uk
942 _n0
999 _c82614
_d82614